| 000 | 00535nam a2200193 a 4500 | ||
|---|---|---|---|
| 003 | MX-MxUPN | ||
| 005 | 20250314150605.0 | ||
| 008 | 250314sfr ||||||||r|||| 000 0 spa d | ||
| 040 |
_aMX-MxUPN _bspa _cMX-MxUPN |
||
| 041 | 1 |
_aspa _heng |
|
| 050 | 1 | 4 |
_aRA643.8 _bV54 2005 |
| 245 | 0 | 3 |
_aEl VIH/SIDA & la educación : _bun enfoque estratégico |
| 260 |
_aParis : _bUNESCO, _C[2005?] |
||
| 300 | _a79 páginas | ||
| 650 | 4 |
_aSIDA _xPrevención _912138 |
|
| 650 | 4 |
_aEducación _9682 |
|
| 902 | _aVíctor Ruiz/140325 | ||
| 942 |
_2lcc _cFOLL |
||
| 999 |
_c212860 _d212860 |
||